<?xml version="1.0" encoding="UTF-8"?>
<record
    xmlns:xsi="http://www.w3.org/2001/XMLSchema-instance"
    xsi:schemaLocation="http://www.loc.gov/MARC21/slim http://www.loc.gov/standards/marcxml/schema/MARC21slim.xsd"
    xmlns="http://www.loc.gov/MARC21/slim">

  <leader>01238nam a22001337a 4500</leader>
  <datafield tag="999" ind1=" " ind2=" ">
    <subfield code="c">533189</subfield>
    <subfield code="d">533189</subfield>
  </datafield>
  <controlfield tag="008">260429b           ||||| |||| 00| 0 eng d</controlfield>
  <datafield tag="100" ind1=" " ind2=" ">
    <subfield code="a">Daftary, Dolly</subfield>
    <subfield code="9">60306</subfield>
  </datafield>
  <datafield tag="245" ind1=" " ind2=" ">
    <subfield code="a">OBCs, Adivasis, and the Persian Cosmopolis in INDIA&#x2019;S heartland</subfield>
  </datafield>
  <datafield tag="260" ind1=" " ind2=" ">
    <subfield code="a">Economic &amp; Political Weekly </subfield>
  </datafield>
  <datafield tag="300" ind1=" " ind2=" ">
    <subfield code="a">61(12), Mar 21, 2026: p.38-44</subfield>
  </datafield>
  <datafield tag="520" ind1=" " ind2=" ">
    <subfield code="a">The project of majoritarian boundary-making is unsettled when we explore lives lived at the geographic, environmental, and economic margins of India. Islamicate nominative practices among cultivator caste Kolis (denoted Other Backward Classes) and Adivasis, shared spiritual belongings of Kolis, Dalits, and Muslims, and everyday linguistic practices related to governance and justice at the borderlands in Gujarat, illuminate the rich entanglement of semi-subsistence communities with what is called the Persian cosmopolis. Oppositional potentialities to exclusionary identities always remain co-present as traces, foreclosing the erasure of certain pasts and presents, and containing possibilities for the future. &#x2013;Reproduced 

https://www.epw.in/journal/2026/12/special-articles/obcs-adivasis-and-persian-cosmopolis-indias.html
</subfield>
  </datafield>
  <datafield tag="773" ind1=" " ind2=" ">
    <subfield code="a">Economic &amp; Political Weekly </subfield>
  </datafield>
  <datafield tag="942" ind1=" " ind2=" ">
    <subfield code="c">AR</subfield>
  </datafield>
  <datafield tag="952" ind1=" " ind2=" ">
    <subfield code="0">0</subfield>
    <subfield code="1">0</subfield>
    <subfield code="2">ddc</subfield>
    <subfield code="4">0</subfield>
    <subfield code="7">0</subfield>
    <subfield code="9">408360</subfield>
    <subfield code="a">IIPA</subfield>
    <subfield code="b">IIPA</subfield>
    <subfield code="d">2026-04-29</subfield>
    <subfield code="h">61(12), Mar 21, 2026: p.38-44</subfield>
    <subfield code="p">AR138701</subfield>
    <subfield code="r">2026-04-29</subfield>
    <subfield code="y">AR</subfield>
  </datafield>
</record>
